Responses for show #6938 - Wednesday, November 12, 2014

2014 Tournament of Champions quarterfinal game 3.

Contestants

Jim Coury, a senior from Georgetown University from Olmsted Falls, Ohio

Joshua Brakhage, a TV news producer originally from South Coffeyville, Oklahoma

Julia Collins, a 20-time Jeopardy! champion from Kenilworth, Illinois

Jeopardy! Round responses

IN THE PINK
THE '30s
NO LONGER AROUND
BRITISH ENGLISH
____IN' COUNTRY SONGS
(Alex: That take us to...)
THE ENDS OF THE ROAD
    $200 1
breast cancer

Joshua
    $200 22
the Swiss Confederation

Joshua
    $200 3
(Jim: What is Daimler?)

AMC

Jim
Triple Stumper
    $200 4
suspenders

Julia
    $200 16
Cheatin'

Julia
    $200 26
Yellowstone

Joshua
    $400 11
a pearl

Julia
    $400 15
Halley's Comet

Joshua
    $400 9
Pan Am

Julia
    $400 5
a barrister

Joshua
    $400 8
Walkin'

Julia
    $400 27
the Adriatic

Jim
    $600 12
Jackie Kennedy

Jim
    $600 23
Pizarro

Jim
    $600 10
(Joshua: What's a syringe?)

a microscope

Joshua
Triple Stumper
    $600 17
mobile

Jim
    $600 2
Comin' Down

Julia
    $600 30
Independence

Joshua
    $800 13
(Elsa) Schiaparelli

Julia
    $800 24
the Hindenburg

Julia
    $800 20
Zima

Joshua
    $800 18
a jumper

Julia
    $800 6
Ramblin' Man

Joshua
    $800 28
Turkey

Jim
    $1000 14
(Jim: What's hibiscus?)

plumeria

Jim
Triple Stumper
    $1000 25
the Hagia Sophia

Julia
    $1000 21
Hydrox

Joshua
    $1000 19
the bonnet

Julia
    $1000 7
(Jim: What is Drinking?)
(Alex: Need more than that. There are two blanks.)
(Jim: Oh. Drinking and Drinking?)
(Alex: No.)
[Laughter]

Drinkin' & Lovin'

Jim
Triple Stumper
    $1,000 29
Brasília

Jim

Scores at the first commercial break (after clue 15):

Julia Joshua Jim
$2,800 $1,200 -$1,600

Scores at the end of the Jeopardy! Round:

Julia Joshua Jim
$6,600 $4,000 $1,800

Double Jeopardy! Round responses

ANATOMICAL ETYMOLOGY
BEFORE & AFTER
THE REAL FIRST NAME
MOVIE "LAND"
CAUSE OF DEBT
BLUNT FORCE DRAMA
    $400 1
the appendix

Jim
    $400 6
boxing glove compartment

Julia
    $400 7
Hiram

Joshua
    $400 20
Finding Neverland

Julia
    $400 25
student loans

Julia
    $400 26
"Ten Little Indians"

Triple Stumper
    $800 2
gluteus maximus

Jim
    $800 8
a June bride of Frankenstein

Joshua
    $800 15
George

Jim
    $800 13
Land of the Lost

Julia
    $800 24
(Julia: What is high-equity?)

home equity

Julia
Triple Stumper
    $800 27
American Buffalo

Julia
    $3,000 3
(Jim: What's a... thumb?)

the spine

Jim
    $1200 10
a first aid Kit Kat

Joshua
    $1200 14
Virgil

Julia
    $1200 9
Shadowlands

Triple Stumper
    $4,000 23
(Alex: [*] is right. Yes.)
[Applause as the camera cuts to a shot of Julia's cheering section in the audience.]

gambling

Julia
    $1200 28
The Great White Hope

Julia
    $1600 4
conjunctiva

Triple Stumper
    $1600 16
This American Life insurance

Joshua
    $1600 21
James

Julia
    $1600 11
The Land Before Time

Joshua
    $1600 18
payday loans

Julia
    $1600 29
Look Back in Anger

Triple Stumper
    $2000 5
(Julia: What is epiglottis?)

uvula

JuliaJim
    $2000 17
The Good Earth tones (The Good Earth colors accepted)

Jim
    $2000 22
(Alex: First name--[*]. That's a toughie.)

Agnes

Triple Stumper
    $2000 12
Cop Land

Triple Stumper
    $2000 19
(Jim: What are mortgages?)

medical bills

JoshuaJim
    $2000 30
Whose life is it anyway?

Triple Stumper

Scores at the end of the Double Jeopardy! Round:

Julia Joshua Jim
$16,200 $11,600 $2,800

Final Jeopardy! Round responses

THE U.S. CONSTITUTION
JimWhat is habeas corpus
$2,800
JoshuaWhat is habeus corpus?
$4,606
JuliaWhat is magna gloria
$7,100
habeas corpus

Final scores:

Julia Joshua Jim
$9,100 $16,206 $5,600
2nd place: $5,000 if eliminated Automatic semifinalist 3rd place: $5,000 if eliminated

Game dynamics:

Coryat scores:

Julia Joshua Jim
$13,400 $11,600 $5,800
21 R
(including 1 DD),
2 W
15 R,
1 W
11 R
(including 1 DD),
5 W
(including 1 DD)

Combined Coryat: $30,800

The J! Archive is created by fans, for fans. The Jeopardy! game show and all elements thereof, including but not limited to copyright and trademark thereto, are the property of Jeopardy Productions, Inc. and are protected under law. This website is not affiliated with, sponsored by, or operated by Jeopardy Productions, Inc. Join the discussion at JBoard.tv.